| 000 | 00930nem a2200253 i 4500 | ||
|---|---|---|---|
| 001 | bg | ||
| 100 | 1 | _aKACPRZAK, Leszek | |
| 245 | 0 | 0 |
_aObjaśnienia do mapy geologiczno-gospodarczej Polski 1:50 000 : _barkusz Sianów (46) / _cLeszek Kacprzak, Dorota Janica, Agnieszka Tułodziecka-Duda ; Państwowy Instytut Geologiczny. |
| 260 |
_aWarszawa : _bMŚ : _bPIG, _c2003. |
||
| 300 |
_a40 s. : _bmapy, rys. ; _c30 cm. |
||
| 500 | _aVerso kart nie zadruk. | ||
| 504 | _aBibliogr. | ||
| 651 | 9 |
_aPolska _xgeologia |
|
| 651 | 9 |
_aPolska _xgospodarka |
|
| 700 | 1 | _aJANICA, Dorota | |
| 700 | 1 | _aTUŁODZIECKA-DUDA, Agnieszka | |
| 710 | 0 | _aPaństwowy Instytut Geologiczny | |
| 040 | _cBPK | ||
| 041 | 0 | _apol | |
| 080 | _a912:33+55](438) | ||
| 942 | _cMP | ||
| 008 | s pl f |000 0 pol | ||
| 999 |
_c35243 _d35243 |
||
| 856 |
_uhttp://koha.tu.koszalin.pl/cgi-bin/koha/opac-detail.pl?biblionumber=35243 _yKatalog online BPK |
||